30 Degree West Meridian Countries - Statistics

General Stats
  • This quiz has been taken 401 times
  • The average score is 17 of 20
Answer Stats
degrees country % Correct
11.83° Spain
96%
1.09° Portugal
95%
12.90° Western Sahara
94%
19.52° Ireland
93%
12.46° Senegal
93%
21.82° United Kingdom
92%
5.43° Iceland
91%
17.76° Mali
90%
12.93° Mauritania
90%
18.50° Liberia
89%
13.18° Gambia
88%
14.91° Guinea
87%
16.68° Sierra Leone
86%
13.30° Guinea-Bissau
85%
4.62° Cabo Verde
84%
21.39° Côte d'Ivoire
83%
21.32° Algeria
81%
Greenland
72%
4.82° Brazil
69%
22.31° Faroe Islands
39%
No matching quizzes found
Score Distribution
Percent of People with Each Score
Percentile by Number Answered
Your Score History
You have not taken this quiz